Normal view
MARC view
- RADAR SIMULATION METHODS TRACK WHILE SCAN RADAR DATA PROCESSING
Entry Topical Term
001 - CONTROL NUMBER
- control field: 62103
003 - CONTROL NUMBER IDENTIFIER
- control field: NUST
005 - DATE AND TIME OF LATEST TRANSACTION
- control field: 20210628202856.0
008 - FIXED-LENGTH DATA ELEMENTS
- fixed length control field: 210628|| aca||aabn | a|a d
040 ## - CATALOGING SOURCE
- Original cataloging agency: NUST
- Transcribing agency: NUST
150 ## - HEADING--TOPICAL TERM
- Topical term or geographic name entry element: RADAR SIMULATION METHODS TRACK WHILE SCAN RADAR DATA PROCESSING
670 ## - SOURCE DATA FOUND
- Source citation: Work cat.: (NUST): FARINA, A , STUDER, F. A 62102, RADAR DATA PROCESSING ,ADVANCED TOPICS AND APPLICATIONS, 1986
